Ochranná známka - špecifická súčasť nehmotného majetku

Pojem nehmotný majetok. Ochranná známka ako osobitná forma nehmotného majetku. Ochranná známka podľa zákona č. 55/1997 Z. z. Desať najhodnotnejších ochranných známok z r. 2006. Proces získavania ochrannej známky. Práva majiteľa ochrannej známky. Legislatívne úpravy týkajúce sa ochranných známok. Výh...

Descripción completa

Guardado en:
Detalles Bibliográficos
Autor principal: Cimerák, Ladislav
Formato: Capítulo de libro
Lenguaje:eslovaco
Materias:
Etiquetas: Agregar Etiqueta
Sin Etiquetas, Sea el primero en etiquetar este registro!

MARC

LEADER 00000naa a2200000 4500
001 0141601
005 20231006073148.1
041 0 |a slo 
044 |a SK 
245 1 0 |a Ochranná známka - špecifická súčasť nehmotného majetku  |c Ladislav Cimerák 
520 |a Pojem nehmotný majetok. Ochranná známka ako osobitná forma nehmotného majetku. Ochranná známka podľa zákona č. 55/1997 Z. z. Desať najhodnotnejších ochranných známok z r. 2006. Proces získavania ochrannej známky. Práva majiteľa ochrannej známky. Legislatívne úpravy týkajúce sa ochranných známok. Výhody pri používaní ochrannej známky. 
610 2 0 |a známky ochranné 
610 2 0 |a vlastníctvo duševné 
610 2 0 |a majetok nehmotný 
610 2 0 |a firmy 
610 2 0 |a legislatíva 
610 2 0 |a registrácia 
100 1 |a Cimerák, Ladislav